| 000 | 00394nam a22001697a 4500 | ||
|---|---|---|---|
| 005 | 20160429123425.0 | ||
| 008 | 160429b xxu||||| |||| 00| 0 eng d | ||
| 020 | _a81-7446477-8 | ||
| 041 | _aeng | ||
| 082 | _b00849 | ||
| 100 |
_aBhattacharjee-C _9244 |
||
| 245 | _aServices Marketing | ||
| 260 |
_aNew Delhi _bExcel Books, _c2006 |
||
| 300 | _a695 | ||
| 650 |
_aManagement _9241 |
||
| 942 | _cBK | ||
| 999 |
_c280 _d280 |
||